Normal view
MARC view
- PROJECT SUPERVISOR HASAN AFTAB SAEED YASSER RIAZ AWAN
Entry Corporate Name
001 - CONTROL NUMBER
- control field: 122819
003 - CONTROL NUMBER IDENTIFIER
- control field: NUST
005 - DATE AND TIME OF LATEST TRANSACTION
- control field: 20240521203334.0
008 - FIXED-LENGTH DATA ELEMENTS
- fixed length control field: 240521|| aca||aabn | a|a d
040 ## - CATALOGING SOURCE
- Original cataloging agency: NUST
- Transcribing agency: NUST
110 ## - HEADING--CORPORATE NAME
- Corporate name or jurisdiction name as entry element: PROJECT SUPERVISOR HASAN AFTAB SAEED YASSER RIAZ AWAN
670 ## - SOURCE DATA FOUND
- Source citation: Work cat.: (NUST): WASIF DILDAR IZHARULHAQ ABUBAKAR HANIF MUHAMMAD UMER 122818, PR-SOF-2307-Design and Fabrication of an E-Bicycle Conversion Kit, 2023.
